00542nam a2200181Ia 4500001002200000003000900022008004100031040002300072041001300095100001700108245001100125250001000136260003000146300002300176490001800199501012400217700001900341851-FOS ug op (15341)IT-MiSPE171229s9999||||xx |||||||||||||| ||und|| aIT-MiSPEcIT-MiSPE aITALIANO aUgo Foscolo  0aPoesie anuova aFirenzebLe Monnierc1944 aVI, 476 p. c19 cm aOpere di U.F. aEdizioni San Paolo srl - Piazza Soncino, 5 - 20092 CINISELLO BALSAMO (MI) (non commercial uses only) ® Copyright 2018 aF.S. Orlandini